000 01293nam0a2200373 4500
001 RU\NLR\bibl\223584
005 20250619104840.0
010 _a5-89522-124-6
_91100
021 _aRU
_b2001-39510
_91876
035 _a(NLR Aleph) 000219620
090 _a1276280
_c1276280
100 _a20020108d2001 |||y0rusy50 ca
101 0 _arus
102 _aRU
105 _aa |||||||||
200 1 _aФилософия информационной войны
_fС. П. Расторгуев
210 _aМ.
_cВуз. кн.
_d2001
215 _a468 с.
_cил.
_d21
300 _aНа обороте тит. л. авт.: Расторгуев С.П., д.т.н., акад. РАЕН
320 _aБиблиогр.: с. 461-468
606 0 _aИнформационные войны
_xСоциально-философские вопросы
_92192522
_3RU\NLR\AUTH\661317910
606 0 _a"Информационная война"
686 _a11
_2rugasnti
686 _a66
_2rubbk
686 _aС550.518
686 _aС550.57
700 1 _aРасторгуев
_bС. П.
_gСергей Павлович
_4070
801 0 _aRU
_bRKP
_c20020108
_gPSBO
801 1 _aRU
_bRKP
_c20020108
801 2 _aRU
_bNLR
_c20020211
_grcr
942 _cBOOK
980 _aNB